[Event "Minsk Bronstein 100 Memorial op"]
[Site "Minsk"]
[Date "2024.02.17"]
[Round "1"]
[White "Lavrov, Maxim"]
[Black "Nasenia, Matsvei"]
[Result "1-0"]
[WhiteElo "2344"]
[BlackElo "1512"]
[PlyCount "63"]
[EventDate "2024.02.17"]
[EventType "swiss"]
[EventRounds "10"]
[EventCountry "BLR"]
[SourceTitle "CB08_2024"]
[SourceDate "2024.02.21"]
[SourceVersion "1"]
[SourceVersionDate "2024.02.21"]
[SourceQuality "1"]

1. Nf3 Nf6 2. g3 e6 3. Bg2 d5 4. 0-0 c5 5. b3 Bd6 6. Bb2 Nbd7 7. d3 b6 8. e4 Be7 9. e5 Ng4 10. h3 Nh6 11. c4 Bb7 12. cxd5 Bxd5 13. Nc3 Bb7 14. Ne4 Bxe4 15. dxe4 Nb8 16. Qe2 Nc6 17. Rfd1 Qc7 18. g4 Rd8 19. Bf1 Ng8 20. Qb5 h5 21. g5 h4 22. Qa4 Kf8 23. Rxd8+ Bxd8 24. Bb5 Nge7 25. g6 Rh6 26. gxf7 Rg6+ 27. Kf1 Kxf7 28. Rd1 Qb7 29. Rd6 Nb4 30. Rxd8 Nec6 31. Rd6 Ne7 32. Be8+ 1-0

[Event "BLR-ch sf"]
[Site "Minsk"]
[Date "2023.12.11"]
[Round "5"]
[White "Nasenia, Matsvei"]
[Black "Kazlou, Petr"]
[Result "1-0"]
[WhiteElo "1499"]
[BlackElo "1302"]
[PlyCount "119"]
[EventDate "2023.12.07"]
[EventType "swiss"]
[EventRounds "9"]
[EventCountry "BLR"]
[SourceTitle "CB51_2023"]
[SourceDate "2023.12.20"]
[SourceVersion "1"]
[SourceVersionDate "2023.12.20"]
[SourceQuality "1"]

1. e4 Nf6 2. Nc3 d5 3. exd5 Nxd5 4. Bc4 Nb6 5. Bb3 a5 6. Qf3 e6 7. a4 Nc6 8. Nge2 Bc5 9. Ne4 Be7 10. 0-0 0-0 11. d4 Nd5 12. Rd1 Nf6 13. Bf4 Bd7 14. c3 Kh8 15. Bc2 Nxe4 16. Qxe4 f5 17. Qf3 g5 18. Be5+ Nxe5 19. dxe5 Qe8 20. g4 c5 21. Qh3 Ra6 22. Ng3 Bd8 23. Rd2 Be7 24. gxf5 g4 25. Qxg4 exf5 26. Qh3 Bg5 27. Rd6 Rxd6 28. exd6 Qf7 29. Qh5 Qg7 30. Kf1 Bd8 31. f4 Qf6 32. Rd1 Qe6 33. Qe2 Qh6 34. Qd2 Bh4 35. Qf2 Rg8 36. Rd3 c4 37. Rd5 Bxg3 38. Qd4+ Rg7 39. hxg3 Qh3+ 40. Ke2 Qg2+ 41. Kd1 Qf1+ 42. Kd2 Kg8 43. Rc5 Rxg3 44. Qxc4+ Qxc4 45. Rxc4 Rg6 46. Rd4 h5 47. Bd1 h4 48. Bf3 b6 49. b4 Rg3 50. Bd5+ Kf8 51. bxa5 bxa5 52. c4 Ke8 53. c5 Kd8 54. c6 Be8 55. d7 Bh5 56. Bf3 Rg8 57. Bxh5 h3 58. Be8 Rg2+ 59. Kc3 Rg3+ 60. Kc4 1-0